LIBRARY ONLINE CATALOGUE

Fixions and other stories. (Record no. 12763)

MARC details
000 -LEADER
fixed length control field 00512cam a22001932 4500
001 - CONTROL NUMBER
control field 0000002796
005 - DATE AND TIME OF LATEST TRANSACTION
control field 20151217155818.0
008 - FIXED-LENGTH DATA ELEMENTS--GENERAL INFORMATION
fixed length control field 070419s xx 000 0 eng d
020 ## - INTERNATIONAL STANDARD BOOK NUMBER
International Standard Book Number 435900692 :
040 ## - CATALOGING SOURCE
Original cataloging agency KABU
Transcribing agency KABU
050 #0 - LIBRARY OF CONGRESS CALL NUMBER
Classification number PR9402.9
Item number .T33F59
100 1# - MAIN ENTRY--PERSONAL NAME
Personal name Taban Lo Liyong.
-- 0000152308
245 10 - TITLE STATEMENT
Title Fixions and other stories.
260 ## - PUBLICATION, DISTRIBUTION, ETC. (IMPRINT)
Place of publication, distribution, etc. Nairobi :
Name of publisher, distributor, etc. Heinemann,
Date of publication, distribution, etc. 1969.
300 ## - PHYSICAL DESCRIPTION
Extent 81 p.
908 ## - PUT COMMAND PARAMETER (RLIN)
Put command parameter 070419
950 ## - LOCAL HOLDINGS (RLIN)
-- 1
Holdings
Withdrawn status Lost status Source of classification or shelving scheme Not for loan Home library Current library Date acquired Total Checkouts Total Renewals Full call number Barcode Date last seen Date last checked out Price effective from Koha item type
    Library of Congress Classification   Kabarak, Main Campus Kabarak, Main Campus 17/12/2015 5 1 PR9402.9 .T33F59 003929 30/06/2026 30/06/2026 17/12/2015 Africana Collection